Interest-free alternatives for external resource mobilization : with special reference to Pakistan

Bibliographic Details
Main Author: Khan, Tariqullah (Author)
Corporate Author: Islamic Development Bank
Format: Book
Published: Jeddah : Islamic Development Bank, Islamic Research and Training Institute , 1997
Series:Research paper no. 44
Subjects:

MARC

LEADER 00000cam a2200000 7i4500
001 0000043521
005 20040413093000.0
008 030617s1997
020 |a 9960320154 
090 0 0 |a HG3971.5   |b .K32 1997 
100 0 |a Khan, Tariqullah ,   |e author 
245 1 0 |a Interest-free alternatives for external resource mobilization :   |b with special reference to Pakistan   |c Tariqullah Khan 
260 2 |a Jeddah :   |b Islamic Development Bank, Islamic Research and Training Institute ,   |c 1997 
300 |a 97 p. :   |b ill. ;   |c 24 cm. 
440 0 0 |a Research paper   |v no. 44 
504 |a Includes bibliographical references (p. 93-97) 
650 0 |a Debt financing   |x Religious aspects   |x Islam   |z Pakistan 
650 0 |a Debts, External   |z Pakistan 
650 0 |a Interest (Islamic law)   |z Pakistan 
650 0 |a Interest   |z Pakistan   |x Religious aspects   |x Islam 
651 0 |a Pakistan   |x Economic policy   |x Religious aspects   |x Islam 
710 2 1 |a Islamic Development Bank ,   |c Islamic Research and Training Institute 
999 |a 1000095878   |b Book   |c OPEN SHELF (30 DAYS)   |e Gong Badak Campus